Cosechar sin destruir : (Registro nro. 8658)

Detalles MARC
000 -CABECERA
Campo de control 01077nam a22002777a 4500
005 - FECHA Y HORA DE LA ULTIMA TRANSACCION
Campo de control 20200104041628.0
008 - ELEMENTOS DE LONGITUD FIJA—INFORMACION GENERAL
Campo de control 140529s2013 ck a gr 00010 spa d
020 ## - ISBN
ISBN 9789587616118
041 ## - IDIOMA
Código de idioma para texto/pista de sonido o título separado Español
044 ## - PAÍS DE PUBLICACIÓN
País de publicación Colombia
082 04 - NUMERO DE CLASIFICACION DECIMAL DEWEY
Número de clasificación 584.5
Número del ítem C83
245 00 - MENCION DE TITULO
Título Cosechar sin destruir :
Parte restante del título aprovechamiento sostenible de palmas colombianas /
Mención de responsabilidad Katherinne Benavides Cortés, Rodrigo Bernal, Luisa Fernanda Casas ...(et al)
260 ## - PUBLICACION, DISTRIBUCION, ETC. (PIE DE IMPRENTA)
Lugar de publicación, distribución, etc. Bogotá
Nombre del editor, distribuidor, etc. colciencias
-- Universidad Nacional de Colombia. Facultad de Ciencias,
Fecha de publicación, distribución, etc. 2013.
300 ## - DESCRIPCION FISICA
Extensión 241 p.
Otros detalles físicos il.
Dimensiones 28 cm.
504 ## - NOTA DE BIBLIOGRAFIA, ETC.
Nota de bibliografía Incluye referencias bibliográficas (p. 217-234) e índice.
650 #4 - ASIENTO SECUNDARIO DE MATERIA - TERMINO TEMATICO
Término temático o nombre geográfico como elemento de entrada Palmas
Subdivisión general Cultivo.
650 #6 - ASIENTO SECUNDARIO DE MATERIA - TERMINO TEMATICO
Término temático o nombre geográfico como elemento de entrada Artesanías con fibras vegetales.
650 #4 - ASIENTO SECUNDARIO DE MATERIA - TERMINO TEMATICO
Término temático o nombre geográfico como elemento de entrada Desarrollo sostenible.
650 #4 - ASIENTO SECUNDARIO DE MATERIA - TERMINO TEMATICO
Término temático o nombre geográfico como elemento de entrada Palmas
Subdivisión general Distribución geográfica.
700 1# - ASIENTO SECUNDARIO - NOMBRE PERSONAL
Nombre personal Benavides-Cortés, Katherine.
700 1# - ASIENTO SECUNDARIO - NOMBRE PERSONAL
Nombre personal Bernal, Rodrigo.
700 1# - ASIENTO SECUNDARIO - NOMBRE PERSONAL
Nombre personal Casas-Caro, Luisa Fernanda.
700 1# - ASIENTO SECUNDARIO - NOMBRE PERSONAL
Nombre personal Galeano, Gloria.
700 1# - ASIENTO SECUNDARIO - NOMBRE PERSONAL
Nombre personal Gamba-Trimiño, Catherine.
942 ## - ELEMENTOS ADICIONALES (KOHA)
Sistema de clasificación Dewey Decimal Classification
Tipo de ítem Libro
Existencias
Withdrawn status Lost status Sistema de Clasificación Damaged status No para préstamo Colección Inventariado Ubicación Permanente Ubicación actual Fecha de adquisición Fuente de Valor Valor Total Checkouts Número topográfico Inventario / Código de Barras Date last seen Ejemplar Price effective from Forma de adquisición Tipo de material
    Dewey Decimal Classification     General Inventariado 2017 Bogotá Bogotá 03/09/2014 Instituto 39000.00   LB-584.5 C83 038300 03/09/2014 Ej. 1 03/09/2014 Canje Libro